Problém zvaný design.
Rozhovor s riaditeľom Design centra v Českej republike. Zaostávanie designu u čs. výrobcov spotrebného tovaru. Absencia trhových a konkurenčných podmienok ako základná príčina. Prostriedky a formy, ktoré používa Design centrum pri odstraňovaní tohto zaostávania.
Salvato in:
| Autore principale: | |
|---|---|
| Altri autori: | |
| Natura: | Capitolo di libro |
| Lingua: | ceco |
| Soggetti: | |
| Tags: |
Nessun Tag, puoi essere il primo ad aggiungerne!!
|
MARC
| LEADER | 00000naa a2200000 4500 | ||
|---|---|---|---|
| 001 | r008758 | ||
| 005 | 20220831084024.0 | ||
| 041 | 0 | |a cze | |
| 044 | |a [CS] | ||
| 245 | 1 | 0 | |a Problém zvaný design. |c K. Kobosil, J. Hejkal |
| 520 | |a Rozhovor s riaditeľom Design centra v Českej republike. Zaostávanie designu u čs. výrobcov spotrebného tovaru. Absencia trhových a konkurenčných podmienok ako základná príčina. Prostriedky a formy, ktoré používa Design centrum pri odstraňovaní tohto zaostávania. | ||
| 610 | 2 | 0 | |a dizajn |
| 610 | 2 | 0 | |a Čechy |
| 610 | 2 | 0 | |a tovar spotrebný |
| 100 | 1 | |a Kobosil, K. | |
| 700 | 1 | |a Hejkal, J. | |